000 00755nam a2200169Ia 4500
008 220216s9999 xx 000 0 und d
100 _aYeang H Y
245 0 _aPreliminary observations on the induction of precocious flowering in Hevea brasiliensis by PP333
260 _bJournal of Natural Rubber Research
_c1986
300 _a209-217
520 _aThe growth retardant PP333, applied as a soil drench, induced precocious flowering in young ungridled Hevea planted in polybags or in the field. Viable pollen and seeds were obtained from the treated plants. Some effects of PP333 on floral and vegetative morphology are described.
650 _aHevea brasiliensis
650 _aInduction
650 _aPP333
700 _aSamsuddin Z
942 _cJS
999 _c65496
_d65496